LIBRARY ONLINE CATALOGUE

Consumer behavior : (Record no. 1391)

MARC details
000 -LEADER
fixed length control field 00775cam a22002412 4500
001 - CONTROL NUMBER
control field 0000024147
005 - DATE AND TIME OF LATEST TRANSACTION
control field 20151021151150.0
008 - FIXED-LENGTH DATA ELEMENTS--GENERAL INFORMATION
fixed length control field 130614s xx 000 0 eng d
020 ## - INTERNATIONAL STANDARD BOOK NUMBER
International Standard Book Number 8131516822 :
040 ## - CATALOGING SOURCE
Original cataloging agency KABU
Transcribing agency KABU
050 #0 - LIBRARY OF CONGRESS CALL NUMBER
Classification number HF5415.3
Item number .K37 2011
100 1# - MAIN ENTRY--PERSONAL NAME
Personal name Kardes, Frank R.
-- 0000151537
245 10 - TITLE STATEMENT
Title Consumer behavior :
Remainder of title science and practice /
Statement of responsibility, etc. Frank R. Kardes, Thomas W. Cline, Maria L. Cronley.
250 ## - EDITION STATEMENT
Edition statement 1st ed.
260 ## - PUBLICATION, DISTRIBUTION, ETC. (IMPRINT)
Place of publication, distribution, etc. Delhi :
Name of publisher, distributor, etc. Cengage Learning,
Date of publication, distribution, etc. c2011.
300 ## - PHYSICAL DESCRIPTION
Extent xx, 459 p.
650 #0 - SUBJECT ADDED ENTRY--TOPICAL TERM
Topical term or geographic name as entry element Consumer behavior.
-- 0000151538
700 1# - ADDED ENTRY--PERSONAL NAME
Personal name Cline, Thomas W.
-- 0000184099
700 1# - ADDED ENTRY--PERSONAL NAME
Personal name Cronley, Maria L.
-- 0000184100
852 1# - LOCATION
-- p1710 KES
908 ## - PUT COMMAND PARAMETER (RLIN)
Put command parameter 130614
950 ## - LOCAL HOLDINGS (RLIN)
-- 1
Holdings
Withdrawn status Lost status Source of classification or shelving scheme Not for loan Home library Current library Date acquired Total Checkouts Full call number Barcode Date last seen Price effective from Koha item type
    Library of Congress Classification   Kabarak, Nakuru City Campus Kabarak, Nakuru City Campus 21/10/2015   HF5415.3 .K37 2011 c. 1 015596 21/10/2015 21/10/2015 General Collection